Quiz Cultura Generale - Quiz n°50 - Statistics

Statistiche generali
  • Questo quiz è stato fatto 260 volte
  • Il punteggio medio è 11 su 15
Statistiche sulle risposte
Domanda Risposta % Corretto
Qual è l'oceano più esteso della Terra? Oceano Pacifico
99%
In quale regione si trovano le Cinque Terre? Liguria
94%
A quale punto cardinale corrisponde il Levante? Est
90%
Come si chiama il figlio di Homer Simpson? Bart Simpson
88%
Qual è il Meridiano zero? Meridiano di Greenwich
88%
Qual è la prima persona singolare del passato remoto del verbo "ridere"? Io risi
87%
Come si traduce il termine francese "merci"? Grazie
83%
Quale organo è colpito dalla gastrite? Stomaco
78%
Qual è il pianeta più vicino al Sole? Mercurio
77%
Come si chiama il poligono con 10 lati? Decagono
74%
Di quale band fa parte Roby Facchinetti? Pooh
74%
I grissini sono un prodotto tipico di quale regione? Piemonte
70%
Quante ossa formano il Carpo della mano? 8
54%
Chi è stato il primo Presidente del Consiglio del Regno d'Italia? Camillo Benso, conte di Cavour
38%
Quale composto chimico ha una struttura costituita da un estere ciclico? Lattone
5%
Nessun quiz corrispondente trovato
Distribuzione punteggi
Percentuale di utenti per punteggio
Percentile per numero di risposta
I tuoi punteggi nel tempo
Non hai fatto questo quiz